| 000 | 00590nam a2200169 i 4500 | ||
|---|---|---|---|
| 001 | bg | ||
| 245 | 0 | 0 |
_aRazrusenie : _b(stekla, gornye porody, kompozity, keramiki, led). _nT.7, _pRazrusenie nemetallov i kompozitnych materialov. _nC.1, _pNeorganiceskie materialy. _cred. G. Libovic. |
| 246 |
_iTyt. oryg.: _aFracture: an advanced treatise |
||
| 260 |
_aMoskwa : _bMir, _c1976. |
||
| 500 | _aTyt. oryg: "Fracture: an advanced treatise", 1972. | ||
| 700 | 1 | _aLiebowitz, H. | |
| 040 | _cBPK | ||
| 041 | _apol | ||
| 080 | _a539.3/.6 | ||
| 942 | _cKS | ||
| 008 | s pl f |000 0 pol | ||
| 999 |
_c47153 _d47153 |
||
| 856 |
_uhttp://koha.tu.koszalin.pl/cgi-bin/koha/opac-detail.pl?biblionumber=47153 _yKatalog online BPK |
||